| 000 | 00680nam a2200229Ia 4500 | ||
|---|---|---|---|
| 001 | 10113 | ||
| 003 | GE_BSU | ||
| 008 | 181216s||||||||xx |||||||||||||| ||und|| | ||
| 040 | _cGE_BSU | ||
| 080 | _a821.353.1–1 | ||
| 100 | _aჟურული,ვარლამ | ||
| 245 | _aრჩეული | ||
| 245 | _bლექსები | ||
| 245 | _cრედ.ი.ორჯონიკიძე.მხატვ:ჯ.ყავლაშვილი | ||
| 260 | _aთბილისი | ||
| 260 | _bმერანი | ||
| 260 | _c1975 | ||
| 300 | _a250გვ.1ფ.პორტრ.17სმ. | ||
| 653 | _aლექსები | ||
| 653 | _aრჩეული | ||
| 942 | _cBK | ||
| 999 |
_c43385 _d43385 |
||